Train your brain more : 60 days to a better brain (Record no. 395558)

MARC details
000 -LEADER
fixed length control field 00279nam a2200097Ia 4500
082 ## - DEWEY DECIMAL CLASSIFICATION NUMBER
Classification number 153 KAWA
008 - FIXED-LENGTH DATA ELEMENTS--GENERAL INFORMATION
fixed length control field 210817s9999 xx 000 0 und d
100 ## - MAIN ENTRY--PERSONAL NAME
Personal name KAWASHIMA, Ryuta London, 2009
9 (RLIN) 95368
245 #0 - TITLE STATEMENT
Title Train your brain more : 60 days to a better brain
942 ## - ADDED ENTRY ELEMENTS
item type Books
Holdings
Withdrawn status Lost status Damaged status Not for loan Home library Current library Date acquired Cost, normal purchase price Total Checkouts Barcode Date last seen Price effective from item type
        Vukuzakhe (do not use) Vukuzakhe (do not use) 20.08.2021 91.00   33228022182172 20.08.2021 20.08.2021 Books